000
00344nam a22001577a 4500
005
20160629112629.0
008
160629b xxu||||| |||| 00| 0 eng d
041
_a
eng
082
_b
10994
100
_a
Heller, Robert
_9
1746
245
_a
The Winners manual
260
_b
Impulse
300
_a
242
650
_a
Management
_9
241
942
_c
BK
999
_c
4601
_d
4599